000 00204 a2200097 4500
001 3844
100 _aTimoshenko, D
245 _aEngineering mechanics
260 _a
_bMcgrawhill
_c
090 _c3075
_d3075
942 _aNUST-CAE
_cM
_c23058
999 _c238917
_d238917